Estímulos recordativos del alma dormida en la tibieza. En diálogos métricos. De común doctrina.

Detalles Bibliográficos
Formato: Libro
Publicado: México 1725
Materias:
Colección:Banco de datos
Acervo:Biblioteca del Convento de Santa Mónica de la Ciudad de Puebla. Puebla
Tema general:Ascética
Notas:Buena. Ex libris manuscrito de Rosa María de San Juan Evangelista. No. de Reg. 188540. B2, 23.
LEADER 00718nam a22001810004500
035 |a 52444 
036 |a 2212 
245 1 0 |a Estímulos recordativos del alma dormida en la tibieza. En diálogos métricos. De común doctrina. 
260 |a México  |b imp. José Bernardo de Hogal  |c 1725 
500 |a Buena. Ex libris manuscrito de Rosa María de San Juan Evangelista. No. de Reg. 188540. B2, 23. 
650 1 0 |a Ascética 
949 |a CRP-SM 
959 |a Ex convento de Santa Mónica. Puebla, Puebla  |b CCC5 
960 |a Convento de Santa Mónica de la ciudad de Puebla  |b DD88 
961 |a Franciscana  |b OF 
942 |c CRP-SM 
943 |g Biblioteca del Convento de Santa Mónica de la Ciudad de Puebla. Puebla 
999 |c 962782  |d 962782